[Event "AUTO-INT-779"]
[Site "http://www.queenalice.com/game.php?id=348290"]
[Date "2008.2.4"]
[Round "1"]
[White "RawRaw"]
[Black "damaziomateus"]
[Result "1-0"]
[WhiteElo "1482"]
[BlackElo "1281"]

1. e3 c6 2. Bc4 Qa5 3. Qf3 d5 4. Bf1 e5 5. Nh3 h5 6. Ng5 e4 7. Qxf7+ Kd8 8.
Qxf8+ Kc7 9. Qxg7+ Nd7 10. Qxh8 Ne5 11. Qxe5+ Kd7 12. Qe6+ Kd8 13. Nf7+ Kc7 14.
Qd6+ Kb6 15. Qd8+ Kc5 16. Qxa5+ b5 17. d4+ exd3 18. b4+ Kc4 19. Bxd3# 1-0

[Event "AUTO-INT-779"]
[Site "http://www.queenalice.com/game.php?id=348291"]
[Date "2008.2.4"]
[Round "1"]
[White "damaziomateus"]
[Black "RawRaw"]
[Result "0-1"]
[WhiteElo "1271"]
[BlackElo "1490"]

1. b4 e6 2. c3 Nh6 3. Nf3 a5 4. d4 a4 5. Bg5 Be7 6. Qd2 Nf5 7. e4 Nd6 8. Qd3 h6
9. Bxe7 Qxe7 10. c4 b6 11. c5 Ba6 12. b5 Bxb5 13. Qe3 Bc6 14. cxd6 Qxd6 15. d5
Qb4+ 16. Nc3 Bb7 17. Rb1 Qa3 18. Rb3 axb3 19. Nb5 Qb4+ 20. Kd1 b2 21. Nc3 Rxa2
22. Bd3 Qb3+ 23. Bc2 b1=Q+ 24. Nxb1 Qxc2+ 25. Ke1 Qxb1+ 0-1

[Event "AUTO-INT-779"]
[Site "http://www.queenalice.com/game.php?id=348292"]
[Date "2008.2.4"]
[Round "1"]
[White "RawRaw"]
[Black "pedroso"]
[Result "0-1"]
[WhiteElo "1466"]
[BlackElo "1547"]

1. e3 e5 2. Bc4 Nf6 3. Qf3 e4 4. Qd1 d5 5. Bb5+ c6 6. Bf1 Bd6 7. d4 O-O 8. c3
Bf5 9. Qb3 b5 10. Qd1 a5 11. a3 c5 12. Bxb5 cxd4 13. cxd4 Qb6 14. Nc3 Bd7 15.
Be2 Bf5 16. g4 Be6 17. Na4 Qd8 18. g5 Ne8 19. h4 Nc6 20. h5 Qxg5 21. Kf1 Nf6 22.
f4 exf3 23. Nxf3 Qg3 24. Rg1 Qh3+ 25. Rg2 Nxh5 26. Ng5 Qh1+ 27. Rg1 Ng3+ 28. Kf2
Qh2+ 29. Rg2 Qh4 30. Nf3 Qh6 31. e4 Qg6 32. Nh4 Qxe4 33. Nc3 Qxh4 34. Rxg3 Bxg3+
0-1

[Event "AUTO-INT-779"]
[Site "http://www.queenalice.com/game.php?id=348293"]
[Date "2008.2.4"]
[Round "1"]
[White "pedroso"]
[Black "RawRaw"]
[Result "1-0"]
[WhiteElo "1519"]
[BlackElo "1488"]

1. e4 e5 2. Nf3 d6 3. Nc3 Bg4 4. Be2 f6 5. O-O a5 6. d4 Nh6 7. dxe5 fxe5 8. Bxh6
gxh6 9. a3 Rg8 10. Qd5 Rg7 11. Qxb7 Nd7 12. Qc6 Qf6 13. Qxa8+ Kf7 14. Qd5+ Ke7
15. h3 Bxf3 16. Bxf3 Qxf3 17. g3 Nf6 18. Qd1 Rxg3+ 19. fxg3 Qxg3+ 20. Kh1 Qxh3+
21. Kg1 Ng4 22. Nd5+ Kd8 23. Rxf8+ Kd7 24. Nf6+ Nxf6 25. Rxf6 Qe3+ 26. Rf2 Qxe4
27. Rf7+ Ke6 28. Rxc7 Qg4+ 29. Qxg4+ 1-0

[Event "AUTO-INT-779"]
[Site "http://www.queenalice.com/game.php?id=348294"]
[Date "2008.2.4"]
[Round "1"]
[White "RawRaw"]
[Black "braseiko"]
[Result "0-1"]
[WhiteElo "1473"]
[BlackElo "1695"]

1. e3 d5 2. d4 Nf6 3. Bb5+ Bd7 4. Bf1 e6 5. Nf3 c5 6. Ne5 Nc6 7. Nf3 cxd4 8.
exd4 Bd6 9. c3 O-O 10. Bg5 e5 11. dxe5 Nxe5 12. Nd4 Nc4 13. b4 Re8+ 14. Be2 Bg4
15. h3 Bxe2 16. Nxe2 Qe7 17. Kf1 Qe5 18. h4 Ng4 19. Nd4 Nge3+ 20. Bxe3 Nxe3+ 21.
fxe3 Qxe3 22. Na3 Qxc3 23. Nab5 Qc4+ 24. Kg1 Bxb4 25. a3 Re1+ 26. Kf2 Rxd1 27.
Raxd1 a6 28. axb4 axb5 29. Rhe1 Ra2+ 30. Kf3 Kf8 31. Re5 f6 32. Ne6+ Kg8 33. Rd4
Qf1+ 34. Kg3 Rxg2+ 0-1

[Event "AUTO-INT-779"]
[Site "http://www.queenalice.com/game.php?id=348295"]
[Date "2008.2.4"]
[Round "1"]
[White "braseiko"]
[Black "RawRaw"]
[Result "1-0"]
[WhiteElo "1661"]
[BlackElo "1497"]

1. e4 e5 2. Nf3 d6 3. d4 f6 4. dxe5 fxe5 5. Bc4 Qf6 6. Bg5 Qg6 7. Nc3 h6 8. Nxe5
Qxg5 9. Nf7 Qxg2 10. Qh5 g6 11. Qd5 Nf6 12. Nxd6+ Bxd6 13. Qf7+ Kd8 14. Qxf6+
Kd7 15. O-O-O Rf8 16. Qxf8 Qg5+ 17. f4 Qc5 18. Qf7+ Kc6 19. Bd5+ Kb6 20. Na4+
Kb5 21. Nxc5 Bxc5 22. Rd3 Na6 23. Bb3 Nb4 24. Rc3 c6 25. Qc4+ Kb6 26. Qxc5+ Kc7
27. Qxb4 a5 28. Qd4 Bd7 29. Rd1 Rd8 30. Qd6+ Kc8 31. Be6 Bxe6 32. Qxd8# 1-0

[Event "AUTO-INT-866"]
[Site "http://www.queenalice.com/game.php?id=387220"]
[Date "2008.4.14"]
[Round "1"]
[White "mhr1989"]
[Black "RawRaw"]
[Result "0-1"]
[WhiteElo "1213"]
[BlackElo "1459"]

1. e4 e6 2. Nc3 c6 3. Bc4 b5 4. Bd3 a5 5. Qf3 Nh6 6. Nge2 g6 7. O-O Bd6 8. Nf4
Qh4 9. g3 Qd8 10. Re1 a4 11. b3 Be5 12. bxa4 bxa4 13. Ba3 Ng8 14. Re3 h5 15. Rb1
Qf6 16. Rb4 Nh6 17. Rxa4 Bb7 18. Rxa8 Bxa8 19. Bc4 Ng4 20. Rd3 Qd8 21. Kg2 Qg5
22. Bc5 Bc7 23. h4 Qxc5 24. Kh3 Qxc4 25. a4 Qa6 26. Rd4 Qa7 27. Rb4 Na6 28. Rc4
Bb6 29. d3 Bxf2 30. e5 Nxe5 31. Re4 Nxf3 32. Re2 Ng1+ 33. Kg2 Nxe2 34. Ncxe2 Qe3
35. Kf1 Bxg3 36. Nxg3 Qxg3 37. Ne2 Qf3+ 38. Ke1 c5 39. Ng1 Qe3+ 40. Kf1 Bf3 41.
Nxf3 Qxf3+ 42. Ke1 Nb4 43. Kd2 Qf2+ 44. Kc3 Qxc2# 0-1

[Event "AUTO-INT-866"]
[Site "http://www.queenalice.com/game.php?id=387221"]
[Date "2008.4.14"]
[Round "1"]
[White "RawRaw"]
[Black "mhr1989"]
[Result "1-0"]
[WhiteElo "1453"]
[BlackElo "1198"]

1. d4 d5 2. e3 Nf6 3. Bb5+ Nc6 4. c3 a6 5. Bf1 Bg4 6. Qb3 Na5 7. Qa4+ Bd7 8.
Qxa5 b6 9. Qb4 a5 10. Qb3 Ba4 11. Qxa4+ Qd7 12. Bb5 Qxb5 13. Qxb5+ Nd7 14. Nf3
e6 15. Ne5 O-O-O 16. Nxf7 Nb8 17. Nxh8 Rd7 18. Qe2 Nc6 19. Na3 1-0

[Event "AUTO-INT-866"]
[Site "http://www.queenalice.com/game.php?id=387236"]
[Date "2008.4.14"]
[Round "1"]
[White "Mehiel"]
[Black "RawRaw"]
[Result "1-0"]
[WhiteElo "1598"]
[BlackElo "1465"]

1. e4 e5 2. Qf3 Bc5 3. Bc4 Nh6 4. d3 f6 5. Qh5+ Ke7 6. Bxh6 Qf8 7. Be3 Na6 8.
Bxc5+ Nxc5 9. Ne2 g6 10. Qf3 Na4 11. Na3 Kd8 12. Rb1 d6 13. b3 Nc5 14. O-O Ne6
15. Bxe6 Bxe6 16. c4 Qe8 17. Qxf6+ Kd7 18. Nb5 Rf8 19. Qh4 a6 20. Na3 Rf7 21.
Nc3 Qe7 22. Qxe7+ Kxe7 23. Nd5+ Kf8 24. Nc2 c6 25. Nb6 Re8 26. g3 Bg4 27. Ne3
Be2 28. Rfe1 Bxd3 29. Rbd1 Bxe4 30. Ng4 h5 31. Rxe4 hxg4 32. Rxg4 e4 33. Rxg6 e3
34. fxe3 Rxe3 35. Kg2 Re2+ 36. Kh3 Rh7+ 37. Kg4 Rxa2 38. Rdxd6 Kf7 39. Rgf6+ Ke7
40. Nc8+ Ke8 41. Rfe6+ Kf7 42. Re7+ Kg8 43. Rd8# 1-0

[Event "AUTO-INT-866"]
[Site "http://www.queenalice.com/game.php?id=387237"]
[Date "2008.4.14"]
[Round "1"]
[White "RawRaw"]
[Black "Mehiel"]
[Result "1-0"]
[WhiteElo "1454"]
[BlackElo "1585"]

1. e3 Nf6 2. h4 e5 3. g3 Bc5 4. c3 d6 5. b4 Bb6 6. a4 a5 7. b5 Bg4 8. Be2 O-O 9.
Bxg4 Nxg4 10. Qxg4 Nd7 11. Nh3 Nf6 12. Qf5 g6 13. Qc2 c6 14. Ng5 d5 15. Na3 e4
16. Rb1 cxb5 17. Rxb5 h5 18. Qb3 Nd7 19. Qxd5 Rb8 20. Qxe4 Nf6 21. Qf4 Ng4 22.
Nc4 Bc7 23. Qf3 b6 24. Rd5 Qe8 25. Rd6 Qxa4 26. Rf6 Nxf6 27. Nb2 Qc2 28. Ke2 Qb3
29. Qxf6 Qb5+ 30. Nd3 Qd5 31. Ba3 Rfd8 32. Be7 Rd7 33. Nf4 Bxf4 34. gxf4 Re8 35.
Rd1 Rdxe7 36. Qxb6 a4 37. Ra1 Rd7 38. Qf6 Qxd2+ 39. Kf3 Qd5+ 40. Ke2 Qb5+ 41.
Kf3 Rc8 42. Rd1 Rcc7 43. Rg1 Rd2 44. Nxf7 Rxf7 45. Rxg6+ Kf8 46. Qh8+ Ke7 47.
Qh6 Qd5+ 48. Kg3 Qf5 49. Rg5 Qd3 50. Re5+ Kd8 51. Qb6+ Rc7 52. Qf6+ Kd7 53. Qe6+
Kd8 54. Qe8# 1-0

[Event "AUTO-INT-866"]
[Site "http://www.queenalice.com/game.php?id=387246"]
[Date "2008.4.14"]
[Round "1"]
[White "allynne_12"]
[Black "RawRaw"]
[Result "1-0"]
[WhiteElo "1792"]
[BlackElo "1478"]

1. e4 e6 2. d4 h5 3. Bd3 g6 4. Be3 Nh6 5. Ne2 Qf6 6. O-O Ng4 7. Nd2 Bd6 8. e5
Qh4 9. Nf3 Qd8 10. exd6 cxd6 11. h3 Nh6 12. b4 Nf5 13. c3 a6 14. Re1 b5 15. a4
Nh4 16. Ng3 Bb7 17. Ne4 f5 18. Nxd6+ Kf8 19. Nxb7 Qc7 20. Nc5 Qd8 21. axb5 Rg8
22. Bc4 Qe7 23. bxa6 g5 24. Nxh4 gxh4 25. Qxh5 Nc6 26. Bh6+ Rg7 27. Bxg7+ Qxg7
28. Rxe6 Qf7 29. Qh8+ Qg8 30. Rf6+ 1-0

[Event "AUTO-INT-866"]
[Site "http://www.queenalice.com/game.php?id=387247"]
[Date "2008.4.14"]
[Round "1"]
[White "RawRaw"]
[Black "allynne_12"]
[Result "0-1"]
[WhiteElo "1457"]
[BlackElo "1705"]

1. d4 d5 2. e3 Bf5 3. Na3 a6 4. h4 e6 5. c3 Nc6 6. Nh3 Bxh3 7. Rxh3 Nf6 8. g3
Bxa3 9. bxa3 O-O 10. Rb1 b5 11. a4 Ne4 12. Bb2 Qf6 13. f3 Nd6 14. Bd3 e5 15. f4
e4 16. Bf1 Ne7 17. Rh1 Nef5 18. Qb3 Nxe3 19. Bh3 c6 20. Bc1 Nef5 21. Rg1 Kh8 22.
Qd1 Nxh4 23. Qg4 Nf3+ 24. Kf2 Nxg1 25. Kxg1 Qe7 26. Qh5 f5 27. Ba3 Rad8 28. Rb2
Qe6 29. Rh2 Rf6 30. Bxf5 Qxf5 31. Qe2 Rg6 32. Qg2 Nc4 33. Bc1 bxa4 34. Rh1 Qg4
35. Rh4 Qd1+ 36. Qf1 Rxg3+ 37. Kf2 Rf3+ 0-1

[Event "Challenge"]
[Site "http://www.queenalice.com/game.php?id=402981"]
[Date "2008.5.14"]
[Round "-"]
[White "presidentdalsace"]
[Black "RawRaw"]
[Result "0-1"]
[WhiteElo "1154"]
[BlackElo "1475"]

1. e4 e5 2. Qh5 Qf6 3. Qh3 Bc5 4. f3 d6 5. Qxc8+ Qd8 6. Qxb7 Nd7 7. Bc4 Qh4+ 8.
g3 Qd8 9. Qd5 Nh6 10. d3 Nb6 11. Qc6+ Nd7 12. Bxh6 gxh6 13. Qd5 Rf8 14. Nc3 Qg5
15. Qxa8+ Ke7 16. Nd5+ Ke6 17. Nxc7+ Kf6 18. Ne8+ Ke7 19. Qd5 Bb4+ 20. c3 Qe3+
21. Ne2 Bc5 22. Nc7 Nb6 23. Qc6 Qf2+ 24. Kd2 Qe3+ 25. Kd1 Qxf3 26. Nd5+ Nxd5 27.
Bxd5 Qxh1+ 28. Kc2 Qxa1 29. Qc7+ Kf6 30. g4 Qe1 31. Ng3 Qf2+ 32. Kb3 Be3 33.
Qxd6+ Kg7 34. Nf5+ Kg8 35. Nxh6+ Bxh6 36. Qxh6 Rb8+ 37. Kc4 Rc8+ 38. Kb5 Qxb2+
39. Bb3 Qxc3 40. Qg5+ Kf8 41. Qh6+ Ke8 42. Ka4 Rb8 43. Bxf7+ Kxf7 44. Qxh7+ Ke6
45. Qf5+ Kd6 46. Qf6+ Kc7 47. Qe7+ Kb6 48. Qd6+ Kb7 49. Qb4+ Qxb4+ 50. Kxb4 Kc6+
51. Kc4 Rd8 52. g5 Rd4+ 53. Kc3 Ra4 54. g6 Ra3+ 55. Kb2 Rxd3 56. g7 Rd8 57. h4
Rg8 0-1

[Event "Challenge"]
[Site "http://www.queenalice.com/game.php?id=404881"]
[Date "2008.5.18"]
[Round "-"]
[White "andrefriburgo"]
[Black "RawRaw"]
[Result "1-0"]
[WhiteElo "1416"]
[BlackElo "1475"]

1. e4 e5 2. Nf3 Qe7 3. Bc4 Kd8 4. O-O f6 5. d3 a5 6. Nc3 Qe8 7. Be3 b6 8. Nd5 d6
9. d4 Ne7 10. dxe5 fxe5 11. Bb5 Qg6 12. Ng5 h6 13. Nxe7 Bxe7 14. Nf3 Rf8 15. Qd5
Rxf3 16. Qxa8 Nd7 17. Ba6 Bh4 18. Qxc8+ Ke7 19. g3 Nc5 20. Qxc7+ Nd7 21. Bc8 Qe6
22. gxh4 Qg4+ 23. Kh1 g5 24. Bxb6 Rf8 25. Bb7 gxh4 26. Rg1 Qf3+ 27. Rg2 Rg8 28.
Rg1 Rf8 29. Bc8 h3 30. Qxd7+ Kf6 31. Qe6# 1-0

[Event "Challenge"]
[Site "http://www.queenalice.com/game.php?id=409037"]
[Date "2008.5.27"]
[Round "-"]
[White "Youngknight"]
[Black "RawRaw"]
[Result "1-0"]
[WhiteElo "1597"]
[BlackElo "1451"]

1. e4 e5 2. Nc3 Qf6 3. Nd5 Qd8 4. d4 d6 5. Nf3 c6 6. Nc3 Nh6 7. Bxh6 gxh6 8. Bc4
Bg4 9. O-O h5 10. dxe5 dxe5 11. h3 Bc8 12. Nxe5 Qg5 13. Nxf7 1-0